|
|
|
|
| LEADER |
00968nab#a2200325#ar4500 |
| 001 |
000032003 |
| 003 |
SVKKK |
| 005 |
00000000000000.0 |
| 008 |
c xo e sloo |
| FMT |
|
|
|
| 038 |
|
|
|a SVKKK
|
| 040 |
|
|
|a SVKKK
|b slo
|e AACR2
|
| 041 |
0 |
|
|a slo
|
| 044 |
|
|
|a xo
|c SK
|
| 080 |
|
|
|a 631.11
|2 1981
|
| 100 |
1 |
|
|a Kločanková, Mária
|4 aut
|
| 245 |
1 |
0 |
|a Zostali len spomienky na stabilitu družstiev
|c Kločanková Mária,
|
| 650 |
0 |
4 |
|a poľnohospodárstvo družstevné
|x výročie založenia 50.
|x stretnutie slávnostné
|z Hatalov
|x priebeh
|
| 650 |
0 |
4 |
|a poľnohospodárstvo družstevné
|z Michalovce-okres
|z Sobrance-okres
|x história a súčasnosť
|x informácie
|
| 773 |
0 |
|
|t Košický denník
|g Roč. 1, č. 39(1999), dát. 0522, s. 4
|
| 957 |
|
|
|a Hatalov
|
| 957 |
|
|
|a Michalovce-okres
|
| 957 |
|
|
|a Sobrance-okres
|
| 958 |
|
|
|a MI
|
| 958 |
|
|
|a SO
|
| 974 |
|
|
|d 990929
|a SAB
|
| 992 |
|
|
|a RBX
|
| BAS |
|
|
|
| 852 |
|
|
|a SVKKK
|b BIB
|
| 998 |
|
|
|a REG
|